[Event "Agartala Dutta Memorial 3rd"]
[Site "Agartala"]
[Date "2023.11.02"]
[Round "2"]
[White "Arshiya, Das"]
[Black "Spandan, Roy"]
[Result "1-0"]
[WhiteElo "1808"]
[BlackElo "1267"]
[PlyCount "89"]
[EventDate "2023.11.01"]
[EventType "swiss"]
[EventRounds "10"]
[EventCountry "IND"]
[SourceTitle "CB46_2023"]
[SourceDate "2023.11.15"]
[SourceVersion "1"]
[SourceVersionDate "2023.11.15"]
[SourceQuality "1"]

1. e4 e6 2. d4 d5 3. Nc3 Bb4 4. e5 c5 5. a3 Bxc3+ 6. bxc3 Ne7 7. Qg4 Qc7 8. Bb5+ Bd7 9. Bxd7+ Nxd7 10. Ne2 cxd4 11. cxd4 Qxc2 12. 0-0 0-0 13. Ng3 Qg6 14. Qe2 Nf5 15. Nxf5 exf5 16. a4 Nb6 17. Ra3 Qe6 18. Qh5 Rac8 19. Rg3 Rc6 20. Qg5 g6 21. Qh6 f6 22. Rh3 Rf7 23. exf6 Qxf6 24. Bg5 Qxd4 25. Re3 Rc8 26. Rfe1 Qg7 27. Qh4 Rc4 28. Qg3 Re4 29. Rxe4 fxe4 30. Qb8+ Rf8 31. Qxa7 Qb2 32. Rf1 Nc4 33. Qc5 Qe5 34. h4 e3 35. fxe3 Rxf1+ 36. Kxf1 Qa1+ 37. Kf2 Qb2+ 38. Kg1 Qb1+ 39. Kh2 Qf5 40. Bf4 Kg7 41. Qe7+ Kg8 42. Qxb7 Qe4 43. a5 Nxe3 44. Qb8+ Kf7 45. Qa7+ 1-0